The team handbook : how to use teams to improve quality (Record no. 36374)

MARC details
000 -LEADER
fixed length control field 00465nam a2200169Ia 4500
020 ## - INTERNATIONAL STANDARD BOOK NUMBER
ISBN 0962226408
050 ## - CALL MARK
Classification number HD 66 .S3/
100 ## - STATEMENT OF RESPONSIBILITY--MAIN AUTHOR NAME
Personal name Scholtes, Peter R.
245 #4 - TITLE STATEMENT
Title The team handbook : how to use teams to improve quality
260 ## - PUBLICATION, DISTRIBUTION, ETC. (IMPRINT)
Place of publication United State
260 ## - PUBLICATION, DISTRIBUTION, ETC. (IMPRINT)
Name of publisher Joiner Associates Inc.
260 ## - PUBLICATION, DISTRIBUTION, ETC. (IMPRINT)
Year of publication 1988
650 ## - SUBJECT ADDED ENTRY--TOPICAL TERM
Topical Term Teams in the workplace. Quality circles.
942 ## - ADDED ENTRY ELEMENTS (KOHA)
Koha item type Books
Holdings
Withdrawn status Lost status Source of classification or shelving scheme Damaged status Not for loan Permanent Location Current Location Date acquired Accession Number Price effective from Koha item type
    Library of Congress Classification     NILE UNIVERSITY OF NIGERIA - MAIN LIBRARY NILE UNIVERSITY OF NIGERIA - MAIN LIBRARY 04/23/2025 0194556 04/23/2025 Books